000 00562nam a22002057a 4500
003 DEla salle
005 20140310181739.0
008 130322t xxu||||| |||| 00| 0 eng d
020 _a0201546981
050 _aHB 172
_b.Sp745 1993
082 _aTR 330
_bS3 1993
245 _aStudy guide microeconomics /
_cDavid E. Spencer
250 _a2nd ed.
260 _aReading Massachusetts :
_bAddison- Wesley Publishing,
_cc1993.
300 _a354 p.
_bill. ;
_c25 cm.
521 _aFaculty
541 _j1
562 _e1
942 _2lcc
_cBK-TR
_kTR
999 _c2702
_d2702